El arte de colorear los vinos con el color natural de la uva (Record no. 162664)

MARC details
000 -LEADER
campo de control de longitud fija 01002nam a2200205 i 4500
001 - NÚMERO DE CONTROL
campo de control 162664
003 - IDENTIFICADOR DE NÚMERO DE CONTROL
campo de control ES-MaACL
005 - FECHA Y HORA DE LA ÚLTIMA TRANSACCIÓN
campo de control 20230906212557.0
008 - DATOS DE LONGITUD FIJA--INFORMACIÓN GENERAL
campo de control de longitud fija 050715s1881 sp |||| | spa d
040 ## - FUENTE DE CATALOGACIÓN
Centro catalogador/agencia de origen CAM
Lengua de catalogación spa
Centro/agencia transcriptor CAM
100 1# - ENTRADA PRINCIPAL--NOMBRE DE PERSONA
Nombre de persona Prunaire.
9 (RLIN) 131392
245 13 - MENCIÓN DEL TÍTULO
Título El arte de colorear los vinos con el color natural de la uva
Resto del título : para uso de los consumidores, negociantes y cosecheros /
Mención de responsabilidad, etc. por el Dr. Prunaire, de Lyon ; traducido por José M. Pérez de Villaoz.
260 ## - PUBLICACIÓN, DISTRIBUCIÓN, ETC.
Lugar de publicación, distribución, etc. Madrid ;
-- Barcelona :
Nombre del editor, distribuidor, etc. Librería de Victoriano Suárez :
-- Librería de Juan Llordachs,
Fecha de publicación, distribución, etc. 1881 (
Fabricante Tipografía La Academia, de Evaristo Ullastres)
300 ## - DESCRIPCIÓN FÍSICA
Extensión 134 p. ;
Dimensiones 22 cm.
530 ## - NOTA DISPONIBLE DE FORMULARIO FÍSICO ADICIONAL
Nota de formato físico adicional disponible Disponible en formato digital.
650 #4 - PUNTO DE ACCESO ADICIONAL DE MATERIA--TÉRMINO DE MATERIA
Término de materia o nombre geográfico como elemento de entrada Vinificación.
9 (RLIN) 156738
700 1# - ENTRADA AGREGADA--NOMBRE PERSONAL
Nombre de persona Pérez de Villaoz, José M.
9 (RLIN) 131490
852 ## - LOCALIZACIÓN
Ubicación ES-MaACL
Número de control de estantería T-679-F-9
Nota libre -- Enc. hol., conservando cub. original
-- -- Enc. en un vol. facticio
856 ## - LOCALIZACIÓN Y ACCESO ELECTRÓNICOS
Identificador Uniforme de Recursos <a href="http://bdh-rd.bne.es/viewer.vm?id=0000119199&page=1 ">http://bdh-rd.bne.es/viewer.vm?id=0000119199&page=1 </a>
Nota pública Biblioteca Digital Hispánica
Holdings
Estatus retirado Estado de pérdida Estado de daño No para préstamo Colección Biblioteca de origen Biblioteca actual Ubicación en estantería Fecha de adquisición Total de préstamos Signatura topográfica completa Código de barras Visto por última vez Precio de reemplazo Tipo de ítem Koha
        Colección de folletos Biblioteca del Ateneo de Madrid Biblioteca del Ateneo de Madrid Depósito folletos 17/01/2008   T-679-F-9 1170418 23/02/2023 23/02/2023 Folleto